| 000 | 00701nam a22001577a 4500 | ||
|---|---|---|---|
| 008 | 160525b xxu||||| |||| 00| 0 eng d | ||
| 082 |
_22013 _aUT 0443 _bR11 |
||
| 100 |
_98963 _aRabanes, Jeselle Honey Valerie K. |
||
| 245 |
_aPerceived causes in membership of laboratory and level of employee's performance in Lapanday foods corporation in Dacao del Sur/ _cJeselle Honey Valerie K. Rabanes, Redeene C. Razonable and Ella Jean R. Rojo. |
||
| 260 |
_aDigos City: _bUMDC _cMarch 2013. |
||
| 300 |
_a51 pages; _c30 cm. |
||
| 650 | 0 |
_98962 _aBusiness Administration _vFinancial Management _xUndergraduate thesis. |
|
| 700 |
_98960 _aRazonabe, Redeene C. |
||
| 700 |
_98961 _aRojo, Ella Jean R. |
||
| 942 |
_2ddc _cUT |
||
| 999 |
_c2712 _d2712 |
||